书目信息 |
| 题名: |
重唱歌曲选
|
|
| 作者: | ;人民音乐出版社 编 | |
| 分册: | ||
| 出版信息: | 北京 人民音乐出版社 1978 |
|
| 页数: | 60页 | |
| 开本: | 19cm | |
| 丛书名: | ||
| 单 册: | ||
| 中图分类: | J642.52 | |
| 科图分类: | ||
| 主题词: | 歌曲-重唱--中国--现代--选集 , 重唱-歌曲--中国--现代--选集 | |
| 电子资源: | ||
| ISBN: | ||
| 000 | 00680nam0 2200229 45 | |
| 001 | 0178003925 | |
| 005 | 20060802105957.17 | |
| 010 | @dCNY0.15 | |
| 091 | @a8026.3393 | |
| 100 | @a19950724d1978 em y0chiy0121 ea | |
| 101 | 0 | @achi |
| 102 | @aCN@b110000 | |
| 105 | @ag z 000yy | |
| 200 | 10 | @a重唱歌曲选@Achong chang ge qu xuan@f人民音乐出版社编@Fren min yin yue chu ban she bian |
| 210 | @a北京@c人民音乐出版社@d1978 | |
| 215 | @a60页@d19cm | |
| 606 | @a歌曲-重唱@y中国@z现代@x选集 | |
| 606 | @a重唱-歌曲@y中国@z现代@x选集 | |
| 690 | @aJ642.52@v3 | |
| 711 | 0 | @a人民音乐出版社@Aren min yin yue chu ban she@4编 |
| 801 | 0 | @aCN@bTSSF@c20060802 |
| 905 | @a10447@dJ642.52@e1 | |
| 重唱歌曲选/人民音乐出版社编.-北京:人民音乐出版社,1978 |
| 60页;19cm |
| ISBN :CNY0.15 |
| ● |
| 相关链接 |
|
|
|
|
正题名:重唱歌曲选
索取号:J642.52/1
 
预约/预借
| 序号 | 登录号 | 条形码 | 馆藏地/架位号 | 状态 | 备注 |
| 1 | 0001965 | 202294150 | 密集书库/ [索取号:J642.52/1] | 在馆 | |
| 2 | 0001966 | 202191582 | 密集书库/ [索取号:J642.52/1] | 在馆 | |
| 3 | 0001968 | 202361167 | 密集书库/ [索取号:J642.52/1] | 在馆 | |
| 4 | 0001970 | 202319464 | 密集书库/ [索取号:J642.52/1] | 在馆 | |
| 5 | 0001973 | 202191626 | 密集书库/ [索取号:J642.52/1] | 在馆 | |
| 6 | 0001978 | 202360783 | 密集书库/ [索取号:J642.52/1] | 在馆 | |
| 7 | 0444240 | 204442406 | 密集书库/ [索取号:J642.52/1] | 在馆 |